Get the Picture: Iron Man or Sherlock Holmes? Quiz Stats

 Plays Quiz Updated Feb 22, 2019

Score 0/14 Timer 02:00
10 Plays Today
Question Answer Wrong Answers
I saw young Americans killed by the very weapons I created to defend them and protect them. And I saw that I had become part of a system that is comfortable with zero accountability. Iron Man
90%
Sherlock Holmes
4.9%
Madame, this is a glorious hedgehog goulash. I can't remember ever having had better. Sherlock Holmes
88%
Iron Man
6.8%
There's nothing more elusive than an obvious fact. Sherlock Holmes
83.2%
Iron Man
11.3%
Come at once if convenient. If inconvenient, come all the same. Sherlock Holmes
82.4%
Iron Man
12.4%
The devil's due a soul, I'd say. Sherlock Holmes
79%
Iron Man
15.6%
Sometimes you've got to run before you can walk. Iron Man
77.1%
Sherlock Holmes
17.9%
My mind rebels at stagnation. Give me problems, give me work. Sherlock Holmes
76.5%
Iron Man
18.3%
Apparently, I'm volatile, self-obsessed, and don't play well with others. Iron Man
74.9%
Sherlock Holmes
19.9%
My journey took me somewhat further down the rabbit-hole than I'd intended and, though I dirtied my fluffy white tail, I've emerged… enlightened. Sherlock Holmes
72.5%
Iron Man
22.2%
'Is it better to be feared or respected?' I say, is it too much to ask for both? Iron Man
70.4%
Sherlock Holmes
24.3%
You start with something pure. Something exciting. Then come the mistakes, the compromises. We create our own demons. Iron Man
66.7%
Sherlock Holmes
28.2%
Give me a scotch, I’m starving. Iron Man
52.3%
Sherlock Holmes
42.6%
If we can stop him, we shall prevent the collapse of Western civilization. No pressure. Sherlock Holmes
51.6%
Iron Man
43.2%
To be able to share all my intimate thoughts, my experiences with someone, it just cuts the weight of it in half, you know. It's like a snake swallowing its own tail. Everything comes full circle. Iron Man
43.1%
Sherlock Holmes
51.9%

Today's Daily Dose

Missing Word
Video Games (A-Z)

Get the Picture
Tom Hanks

You're not logged in!

Compare scores with friends on all Sporcle quizzes.
OR
Log In

Sporcle TV

Today on Sporcle TV


Watch our educational content, quiz creation guides, and fun videos on Sporcle TV.

Show Comments

Extras

Top Quizzes Today


Score Distribution

Your Account Isn't Verified!

In order to create a playlist on Sporcle, you need to verify the email address you used during registration. Go to your Sporcle Settings to finish the process.

Report this User

Report this user for behavior that violates our Community Guidelines.

Details: